000 00257nam a22001217a 4500
003 SGT
082 _a345
_bUNI
100 _aUNIVERSAL
245 _aTHE BHARATIYA NYAYA SANHITA 2023
260 _aGURUGRAM
_bUNIVERSAL
_c2026
300 _a144
942 _2ddc
_cBK
999 _c34081
_d34081